| 000 | 00865nam a22002295i 4500 | ||
|---|---|---|---|
| 001 | 165924 | ||
| 003 | ES-MaACL | ||
| 005 | 20251012212632.0 | ||
| 008 | 050913s1755 xxk | |||||||| ||eng d | ||
| 040 |
_aCAM _bspa _cCAM |
||
| 100 | 1 |
_aSwift, Deane. _9132981 |
|
| 245 | 1 | 0 |
_aAn essay upon the life, writings and character of Dr. Jonathan Swift / _cby Deane Swift. |
| 260 |
_aLondon : _b[s.n.], _c1755 ( _fprinted for Charles Bathurst) |
||
| 300 |
_a[2], 375, [1], 53 p. ; _c8º. |
||
| 505 | 8 | _aThe appendix. The family of Swift, 53 p. | |
| 597 | _aSign.: [A]\p1\s, B-2A\p8\s, 2B\p4\s, A-C\p8\s, D\p3\s. | ||
| 700 | 1 |
_aBathurst, Charles, _eimp. _9125856 |
|
| 700 |
_aSwift, Jonathan- _kBiografías _9224282 |
||
| 752 |
_aGran Bretaña - _dLondres |
||
| 852 |
_aES-MaACL _jR-1927 _z-- Enc. piel grabada verde _d-- Olim: C-2233 |
||
| 999 |
_c165924 _d165924 |
||